Регионална библиотека "Любен Каравелов" - Русе

Повест за похода на Конте Верде в България (Запис номер 161154)

MARC детайли
000 -Лидер
Контролно поле с фиксирана дължина 01405nam a2200373 c 4500
003 - Код на организацията, давaща контролен номер
Контролно поле BLK
005 - Дата и час на последна редакция
Контролно поле 20240731130353.0
008 - Елементи от данни с фиксирана дължина
fixed length control field 180410b bul|||||r ||||||| ||bul||
010 ## - Наследен системен номер
LC control number KNG00168460000
040 ## - Източник на каталожния запис
Идентификатор на билиотеката - собственик на записа BLK
041 ## - Код за език
Код за езика на текст/звукозапис или на отделно заглавие Български
Код за езика КДБФ Български
072 #7 - Код за тематичната категория
Код организация bullib
Код за тематична категория К
Текст Краезнание
072 #7 - Код за тематичната категория
Код организация bullib
Код за тематична категория Я
Текст Автографи
080 ## - УДК
Текстов определител УДК Българска литература
УДК код - определител по УДК 821.163.2
УДК определител -32
УДК - код + определител 821.163.2-32
100 ## - Редна дума - Автор
Автор Спасов, Павел Христов
Дати, свързани с автора 1905-1980
Автор - информация (биография) Български писател, публицист, драматург. Роден в Русе
R(LIN) 431378
139 ## - Редно поле
Редна дума Спасов, Павел Христов
Авторски знак Сп - С 55
245 10 - Сведения за заглавието
Заглавие Повест за похода на Конте Верде в България
Редно поле (дума) Павел Христов Спасов.
257 ## - Страна на издаване
Страна на създаване/издаване България
260 ## - Област на издателските данни
Име на издателя, разпространителя и проч. Иван Коюмджиев
Година на издаване 1941
Печатница София : печ. Полиграфия
300 ## - Физическа характеристика
Страници 41 с.
Илюстрации и др. с ил.
Размери/Мащаб 25 см
380 ## - Жанр
Жанр Худож. лит.
500 ## - Общи забележки
Забележка 700 тир.
590 ## - Забележки на библиотеката, притежаваща документа (RLIN)
Служебно Автограф за Тодор Дашков.
659 ## - Тематичен бюлетин
Тематичен бюлетин К
659 ## - Тематичен бюлетин
Тематичен бюлетин Я
852 ## - Местоположение
Форматна сигнатура Цб 40926
852 ## - Местоположение
Форматна сигнатура К 821.163.2/С 55 П
856 4# - Електронен адрес и достъп
Електронен формат pdf - файл
856 4# - Електронен адрес и достъп
Електронен формат pdf - файл
999 ## - СИСТЕМНИ КОНТРОЛНИ НОМЕРА
Koha biblionumber 161154
Koha biblioitemnumber 161154
942 ## - АРТИКУЛИ
Вид на библиотечния материал Книги
Скрит в OPAC Не
Периодичен библиозапис Да
944 ## - СЪЗДАВАНЕ И РЕДАКЦИЯ на ЗАПИСА
Създаване/Редакция Създаване
Дата на регистрацията/редакция 05.12.2014
Статус, дата на статуса Кети Илиева
Служител, извършил регистрацията/редакцията 30550
944 ## - СЪЗДАВАНЕ И РЕДАКЦИЯ на ЗАПИСА
Създаване/Редакция Редакция
Дата на регистрацията/редакция 05.12.2014
Статус, дата на статуса 05.12.2014 - от С1,Р / 05.12.2014
999 ## - СИСТЕМНИ КОНТРОЛНИ НОМЕРА
Koha biblioitemnumber 161154
Наличности
Код за отписване Код за изгубен артикул Източник на класификационната схема Код за повреда Коз за рестрикции Код за отдаване Артикулен № Име на библиотеката - собственик Име на библиотеката, в която се намира в момента Статус (Текущо местоположение) Дата на вписване в системата Местоположение - отдел Цена в лева Номерация (Хронология) Инвентарен номер Систематично азбучна сигнатура Баркод Номер на екземпляра Цена в евро Служебна бележка Служебен тип на артикула
  Не е изгубен Universal Decimal Classification Не е повреден без рестрикции ползва се в читалня 269343 Регионална библиотека "Любен Каравелов" Русе Регионална библиотека "Любен Каравелов" Русе Краезнание 1941-01-01 Краезнание 0.90 Автограф: От автора 9113/66 К 821.163.2/С 55 П 900000003699 1 0.46 Вид: СФ Дата: 01.01.1941 Дата инв: 15.11.2017 Бележки инв: К2017 Книги
Vip Innovations Ltd, Rousse, Bulgaria 2025